| 000 | 01061nam a22002537a 4500 | ||
|---|---|---|---|
| 999 |
_c3287 _d3287 |
||
| 003 | AR-CdUCM | ||
| 008 | 190306b ||||| |||| 00| 0 spa d | ||
| 040 |
_aMUNICIPALIDAD PROVINCIAL DEL CUSCO _cBIBLIOTECA MUNICIPAL DEL CUSCO |
||
| 041 | _heng | ||
| 082 |
_a312 / _bF83 |
||
| 100 |
_aFreedmann, Ronal _910940 |
||
| 245 | _aLa revolución demográfica mundial / | ||
| 260 |
_aBarcelona : _bUTEHA, _c1966. |
||
| 300 |
_a358 páginas ; _c18 cm. |
||
| 440 |
_aManuales UTEHA. _n329/329a _910941 |
||
| 440 |
_aCiencias sociales. _nSección 14 _910942 |
||
| 505 | _aContenido: La población mundial: cursos recientes y perspectivas -- La transición demográfica: de altos a bajos índices de natalidad y mortalidad -- Cómo envejece o rejuvenece una población -- Crecimiento económico y demográfico -- Concentración urbana mundial: tendencias y probabilidades ... | ||
| 650 |
_aDemográfia _91556 |
||
| 650 |
_aIndices-tasas _910943 |
||
| 650 |
_aPoblación _93673 |
||
| 700 |
_aArrangoiz, Ronald (traductor) _910944 |
||
| 942 |
_2ddc _cLIBROS |
||
| 945 | _azta | ||